LEADER 01270cam0 2200325 450 001 000004371 005 20081204122718.0 010 $a88-15-08456-8 100 $a20021126d2001----km-y0itay50------ba 101 0 $aita 102 $aIT 105 $ay-------101zy 200 1 $a<>frontiere della globalizzazione$enegoziati commerciali e riforma dell'OMC$eII conferenza nazionale sull'organizzazione mondiale del commercio$fa cura di Lelio Iapadre e Fabrizio Pagani$gpresentazione di Enrico Letta$gMinistero dell'Industria e del Commercio Estero 210 $aBologna$cIl Mulino$d2001 215 $a158 p.$d22 cm 225 2 $aPercorsi 300 $aContributo dell'Istituto nazionale per il commercio estero. 410 0$12001$aPercorsi 500 10$a<>frontiere della globalizzazione$960406 610 1 $aRelazioni commerciali 610 1 $aOrganizzazione mondiale del commercio 676 $a341.754$v21$9Diritto internazionale dell'economia. Commercio 702 1$aIapadre,$bLelio$4070 702 1$aPagani,$bFabrizio$4070 702 1$aLetta,$bEnrico$4070 801 0$aIT$bUNIPARTHENOPE$gRICA$2UNIMARC 912 $a000004371 951 $a421/51.$b9910$cNAVA2$d20021126 996 $aFrontiere della globalizzazione$960406 997 $aUNIPARTHENOPE LEADER 00761nam0 2200253 450 001 000019619 005 20081119122600.0 010 $a0471310387 100 $a20081119d1976----km-y0itay50------ba 101 0 $aeng 102 $aUS 105 $ay-------001yy 200 1 $aNew - town planning$eprinciples and practice$fGideon Golany 210 $aNew York$cWiley$dc1976 215 $a389 p.$cill.$d29 cm 500 10$aNew - town planning$933785 610 1 $aPianificazione urbanistica 676 $a307.768$v20$9Comunità urbane. New towns. 700 1$aGolany,$bGideon S.$032322 801 0$aIT$bUNIPARTHENOPE$c20081119$gRICA$2UNIMARC 912 $a000019619 951 $a934/6$b5186$cNAVA2$d2008 996 $aNew - town planning$933785 997 $aUNIPARTHENOPE